000 00481nam a2200169Ia 4500
005 20250415161321.0
008 231217s9999 xx 000 0 und d
020 _a9788121924405
082 _a621.31 THE;2
100 _aTheraja, B L. Theraja, A K. Tarnekar, S G
245 2 _aA text book of electrical technology in SI system of units
250 _a1st ed.
260 _c1959
_bS Cand and co.
_aNew Delhi
300 _axiv, 864+iv
650 _aelectrical,SI
942 _cAA
999 _c184718
_d184718